000 01708cam a2200469 4500
002 6846
008 031028n2004 000 0 eng u
020 _a0853088217
035 _a(Sirsi) u124090
041 _aeng
050 _a333.32
_c18
100 _aUbhi, Navjit
245 _aLaw of commons and of town and village greens
260 _aBristol
_bJordans
_c2004
300 _axxxvi, 316p.
_c25cm.
350 _a65
505 _aHistorical development
505 _aClassification of common lands
505 _aClassification of rights of common
505 _aOwnership of common land
505 _aCreation and transfer of rights of common
505 _aInclosure and extinguishment of rights of common
505 _aRegistration of common land and rights of common
505 _aTown and village greens
505 _aPublic access to commons
505 _aRegulation and management of common lands
505 _aCompulsory acquisition and common lands
520 _aAimed at surveyors and the legal profession, this book provides a practical explanation of the law relating to common land and town and village greens. Includes the text of key legislative material and a glossary. Tables of cases, statutes, statutory instruments and guidance.
650 _aCOMMON LAND
650 _aCOMMONS
650 _aCOMMONS REGISTRATION ACT 1965
650 _aCOUNTRYSIDE AND RIGHTS OF WAY ACT 2000
650 _aCompulsory purchase
_96228
650 _aVILLAGE GREENS
650 _aLAND REGISTRATION
650 _aPUBLIC ACCESS
650 _aTOWN GREENS
650 _aRIGHTS OF COMMON
690 _aPROPERTY
700 _aDenyer-Green, Barry P. D.
942 _n0
999 _c103140
_d103140